000 01337nam a2200325 i 4500
003 EG-GICUC
005 20260121101249.0
008 251119s2003 ua ||||f |||| 00| 0 ara d
017 _a2004/15144
020 _a977-223-228-9
040 _a EG-GICUC
_bara
_c EG-GICUC
_d EG-GICUC
_erda
041 _aara
082 0 4 _221
_a345
_bأ ح . ق
092 0 4 _221
099 _aLaw1 07 345 أ ح . ق 2003
100 0 _aأحمد دسوقي محمد إسماعيل
_eمؤلف.
245 _aقضايا أدارية :
_bسياسات الإدارة البيئية للتلوث الصناعي في جمهورية مصر العربية /
_cدكتور أحمد دسوقي محمد إسماعيل .
264 _aالقاهرة :
_bمركز الدراسات و إستشارات الإدارة العامة ,
_c2003.
300 _a175 صفحة
_c24 سم
336 _2rda content
_atext
337 _2rda media
_aComputer
338 _2rda carrier
_aOnline Resource
504 _a. 199 -175 ببليوجرافيا: صفحات.
546 _aالنص أغلبه باللغة العربية بعض النصوص الإنجليزية والفرنسية
650 1 _aالقانون الإداري
_2qrmak
651 1 _2qrmak
856 4 0 _uhttps://fll.law.cu.edu.eg/fulltext/bks/B07-01007.pdf
905 _a74
_eYara
942 _2ddc
_n0
_cBK
_e21
999 _c44874
_d44874